000
00217nam a2200121Ia 4500
100
_a
#N/A
942
_c
BK
654
_a
ROCKBOX
245
_a
Playware ; ROCKBOX
260
_b
#N/A
546
_a
ENGLISH
999
_c
20053
_d
20053